[Event "Shamkir Chess 2016"]
[Site "?"]
[Date "2016.06.03"]
[Round "8.3"]
[White "Caruana, Fabiano"]
[Black "Mamedyarov, Shakhriyar"]
[Result "0-1"]
[WhiteElo "2804"]
[BlackElo "2748"]
[EventDate "2016.??.??"]
[Annotator "Bojkov,Dejan"]
[PlyCount "116"]
[Beauty "6464080970249"]
[EventType "schev"]
[EventRounds "3"]
[WhiteClock "0:01:09"]
[BlackClock "0:59:39"]

1.e4 c5 2.Nf3 Nc6 3.d4 cxd4 4.Nxd4 Nf6 5.Nc3 e5 {The Sveshnikov came back into popularity after the Anand-Gelfand match. The Israeli GM adopted the opening to fully neutralize Anand's white color.} 6.Ndb5 d6 7.Bg5 a6 8.Na3 b5 9.Nd5 Be7 10.Bxf6 Bxf6 11.c4 {A solid positional line.} 11...b4 12.Nc2 O-O 13.h4 {Caruana deviates from a game that he played in the same tournament a year ago.} ( {After} 13.g3 Bg5 14.Bg2 Qa5 15.O-O Qc5 16.b3 a5 17.Kh1 a4 {Black did well in Caruana,F (2808)-Mamedov,R (2657) Baku 2015} ) 13...a5 14.g3 Be6 15.Bh3 {White is generally happy to swap off the light-squared bishops. Ideally, without trading on e6.} 15...Rb8 16.Qd3 ( 16.Kf1 {with the idea to meet 16...Qd7 with 17.Kg2 can be answered by} 16...b3 ) 16...Qd7 17.Nxf6+ gxf6 18.Bf5 {A novelty.} ( {Black started an interesting plan after} 18.Bg2 f5 19.Rd1 Rbd8 20.Qe3 f4 21.gxf4 f5 {So,W (2577)-Pascua,H (2174) Manila 2008} ) ( 18.Bxe6 {would be wrong because of} 18...fxe6 ) 18...Qb7 $1 {"A strong move" - Caruana. The queen moves away from the pin and creates X-ray threats along the major diagonal.} 19.Ne3 ( {Now} 19.Qxd6 $4 {would be a losing blunder} 19...Rfd8 20.Qc5 Bxf5 21.exf5 Nd4 ) ( {Caruana considered} 19.O-O {but came to the conclusion that it is drawish after} 19...b3 $1 20.Bxe6 ( {Or} 20.axb3 Qxb3 21.Qxd6 Bxf5 22.exf5 Qxc2 23.Qxc6 Qxf5 ) 20...bxc2 21.Bd5 Nb4 ) ( {Also equal is} 19.Bxe6 fxe6 20.O-O ( {But again not} 20.Qxd6 $2 Nd4 21.Nxd4 Qxe4+ 22.Kd2 Rbd8 ) ) 19...Nd4 20.O-O b3 $1 {This same idea, which creates counter-attacking possibilities for Black on the queenside.} 21.a3 ( {Too unclear is} 21.Nd5 Bxd5 22.exd5 bxa2 23.Bxh7+ Kg7 24.Rxa2 {Caruana.} ) 21...Kh8 22.Rac1 Rbc8 23.Rfe1 $5 {The positional sacrifice of an exchange...} 23...Rc5 {...which Mamedyarov does not accept. The blockading knight is indeed not worse than the rook in the line} ( 23...Nf3+ 24.Kg2 Nxe1+ 25.Rxe1 ) 24.Qd1 Bxf5 25.Nxf5 Nxf5 26.exf5 Rd8 27.Qh5 Kg7 28.Rc3 ( {Maybe it was time to force a draw with} 28.Qg4+ Kf8 29.Qh5 ) ( {or at least risk with} 28.g4 Qf3 29.Rc3 Qf4 30.g5 {which both players considered good for Black after either} 30...Qxf5 ( {or} 30...fxg5 ) ) 28...h6 {"Black is better" - Mamedyarov.} 29.Ree3 ( {White did not like} 29.a4 d5 {but this was possibly best.} ) 29...a4 {This keeps Black's most important pawn secure.} 30.Qe2 d5 $1 {White's position is very difficult. The powerful pawn on b3 provides Black better chances in any endgame. His king is also safer.} 31.Qf3 ( {Or} 31.cxd5 Rcxd5 32.Qg4+ Kh7 33.Qe4 Rd1+ 34.Kg2 Qa7 ) 31...Rdc8 32.cxd5 {Ljubojevic and Mamedyarov claimed that White could have made a draw with either:} ( 32.Rcd3 Rxc4 33.Rxd5 Rc2 {but here Black is definitely on top.} ) ( {or} 32.Red3 Rxc4 33.Rxc4 Rxc4 34.Qxd5 {This though loses by force after} 34...Qxd5 35.Rxd5 Rc2 36.Ra5 Rxb2 37.Rxa4 Rc2 38.Rb4 b2 39.Kg2 e4 $1 {and e4-e3-e2 is an unstoppable threat.} ) 32...Rxc3 33.Rxc3 Rxc3 34.Qxc3 Qxd5 35.Qb4 ( {Caruana had another idea for the defense, which also fails:} 35.h5 Qd1+ 36.Kg2 Qc2 37.Qb4 e4 $1 ( 37...Qxb2 38.Qg4+ Kh7 39.Qc4 ) 38.Qxa4 ( 38.Qd4 e3 39.Qxe3 Qxb2 ) 38...e3 39.Qg4+ Kh7 ) 35...h5 {Black misses a clear win:} ( 35...e4 36.Qxa4 ( 36.g4 Qd1+ ) 36...Qd1+ 37.Kg2 Qc2 ) 36.Qxa4 Qd3 ( {It was not too late for:} 36...e4 $1 ) 37.g4 $1 {Caruana grabs his chance and opens up the black king for a perpetual.} 37...Qb1+ 38.Kg2 Qxb2 39.gxh5 Qc2 40.Qg4+ ( {With his last move before the time control Caruana misses a draw. It should be noted that it was extremely difficult to find without the time deficit.} 40.Qb4 b2 ( {Or} 40...e4 41.h6+ Kxh6 42.Qf8+ Kh5 43.Qxf7+ Kg4 44.Qxf6 ) 41.h6+ Kxh6 ( 41...Kh7 42.Qf8 Qe4+ 43.f3 ) 42.Qf8+ Kh5 43.Kg3 Qc3+ 44.f3 Qe1+ 45.Kg2 Qxh4 46.Qxf7+ Kg5 47.Qg8+ Kxf5 48.Qc8+ Kf4 49.Qc4+ Kg5 ( {The last trick is} 49...e4 $1 50.Qc7+ $1 ( {Not} 50.Qxe4+ Kg5 51.Qd5+ Kh6 ) ) 50.Qg8+ {with perpetual.} ) 40...Kh7 41.h6 {This definitely loses. The last chance was:} ( 41.Qa4 $3 {(Ljubojevic, Tiviakov) when White may still survive:} 41...e4 ( 41...Qc3 42.Qd7 ( 42.Qa7 $5 ) 42...Qc4 43.Qb7 e4 44.a4 e3 45.fxe3 Qe2+ ( 45...Kg7 46.Kg3 ) 46.Kg3 Qxe3+ 47.Kg2 Qe2+ 48.Kh3 Qd3+ 49.Kg2 {Black is still much better, but objectively it should be a draw.} ) 42.Qe8 Qc4 43.Qf8 ( 43.h6 e3 44.Qf8 Qg4+ 45.Kf1 Qg8 46.Qb4 ) ) 41...Kxh6 42.Qg8 Qxf5 43.Qf8+ ( 43.Qh8+ Qh7 ) 43...Kh5 44.f3 Kxh4 ( 44...Qc2+ 45.Kg3 Qg6+ 46.Kh3 {complicates things.} ) 45.Qb4+ Qf4 46.Qxb3 Qd2+ 47.Kf1 Kg3 48.f4+ ( 48.Qxf7 $4 Qd1# ) 48...Kxf4 49.a4 ( {On} 49.Qxf7 f5 ( {Best is} 49...Qc1+ $1 50.Ke2 Qc2+ 51.Kf1 f5 {and wins.} ) 50.Qb3 e4 51.a4 ) 49...f5 50.Qb5 Qd1+ 51.Kf2 Qc2+ 52.Kf1 f6 $1 {A subtle move that coordinates the black forces.} 53.Qb4+ e4 54.Qb5 Kg3 55.Qe2 Qxe2+ 56.Kxe2 f4 57.a5 f3+ 58.Kf1 e3 0-1

[Event "Memorial | Elite"]
[Site "Varadero"]
[Date "2016.06.17"]
[Round "8.1"]
[White "Kryvoruchko, Yuriy"]
[Black "Almasi, Zoltan"]
[Result "1-0"]
[WhiteElo "2682"]
[BlackElo "2688"]
[EventDate "2016.??.??"]
[Annotator "Bojkov,Dejan"]
[PlyCount "57"]
[Beauty "8247813603344"]
[EventType "simul"]
[EventRounds "2"]
[EventCountry "MAR"]
[WhiteClock "0:14:17"]
[BlackClock "0:00:36"]

1.e4 e5 2.Nf3 Nc6 3.d4 {Kasparov revived the Scotch in his last match with Karpov. Ever since, it appears in a good share of open games. It also avoids the Berlin.} 3...exd4 4.Nxd4 Nf6 5.Nxc6 bxc6 6.e5 Qe7 7.Qe2 Nd5 8.c4 Ba6 {Karpov's preferred choice, although he also tried} ( 8...Nb6 {which is the other main option.} ) 9.Nd2 Nb4 {Two other moves are more popular:} ( 9...g6 10.Nf3 Nb6 11.b3 Bg7 12.Bb2 O-O 13.O-O-O Bb7 {as in Nepomniachtchi,I (2714)-Grischuk,A (2810) Beijing 2014} ) ( {Or} 9...O-O-O 10.b3 f6 11.Bb2 fxe5 12.O-O-O Nf6 13.Qxe5 Qxe5 14.Bxe5 {Yu,Y (2688) -Stefansson,H (2496) Reykjavik 2013} ) 10.Nf3 c5 11.g3 ( {White can also chase the knight away with} 11.a3 Nc6 12.Bd2 h6 13.Bc3 Qe6 14.O-O-O {Muzychuk,A (2598)-Kosteniuk,A (2457) Kazan 2012} ) 11...Qe6 12.a3 Nc6 13.Bd2 {Kryvoruchko completes his development.} ( {A novelty in comparison to} 13.b3 g6 ( 13...Rb8 $1 ) 14.h4 Bg7 15.Bh3 f5 16.Bb2 ( 16.exf6 Qxe2+ 17.Kxe2 Bxf6 18.Rb1 ) 16...Rb8 $1 {with advantage for Black, Olyschlaeger,R (1962)-Richter, C (2396) Germany 2011} ) ( 13.Bg2 $2 Rb8 {should be avoided by White.} ) 13...O-O-O 14.O-O-O g6 {This mounts pressure on the white central pawn. Two other moves deserve attention too:} ( 14...Nd4 ) ( {and} 14...Re8 ) 15.Bg5 {White tries to make use of the hole on f6.} 15...Be7 ( 15...Re8 16.Bf6 Rg8 17.h4 {with the threat Bf1-h3 looks awkward for Black.} ) 16.Bxe7 Qxe7 17.Qe3 Rhe8 {Perhaps Black needed to attack the center with} ( 17...f6 18.Bh3 ( 18.Rd5 Bb7 {is less convincing here.} ) 18...fxe5 19.Rhe1 Rhe8 20.Rd5 e4 21.Nd2 Kb8 22.Rxc5 Ne5 {with unclear play.} ) 18.Rd5 d6 {This weakens the king. Here} ( 18...f6 {might be answered} 19.Bh3 $5 ( 19.Rxc5 {is perfectly playable as well.} ) 19...Bb7 20.Rhd1 Nxe5 21.Nxe5 Bxd5 22.Rxd5 fxe5 23.Rxc5 {with a strong initiative for the exchange.} ) 19.Bh3+ Kb8 20.Qb3+ Bb7 21.Re1 Qf8 22.Bg2 $1 {White is loading the gun along the long diagonal. He is ready to sacrifice the exchange in return for the powerful defender on b7.} 22...Na5 {Almasi goes for the rook. White's idea is demonstrated by the line} ( 22...f6 23.Nd4 $1 Nxd4 ( 23...cxd4 24.Rb5 ) ( 23...Na5 24.Nc6+ $1 Nxc6 25.Rxc5 Kc8 26.Rxc6 fxe5 27.Rxc7+ Kxc7 28.Qxb7# ) 24.Rxd4 ) ( 22...dxe5 {is obviously wrong after the simple} 23.Nxe5 ) ( {However, taking into account what happened in the game, it was better to pay serious attention to the queenside and get rid of the pins at once with} 22...Ka8 {when nothing is clear.} ) 23.Qa4 Bxd5 24.cxd5 Nb7 25.Bf1 $3 {Kryvoruchko was obviously heading for this position. The knight is not a great defender like the bishop and White simply mounts pressure against it.} 25...dxe5 ( 25...Ka8 {would be similar after} 26.Ba6 Rb8 27.Qc6 Re7 28.Re3 {since on} 28...Qe8 {White has} 29.exd6 $1 Rxe3 30.d7 $1 Re1+ 31.Kd2 {and wins.} ) 26.Bb5 $1 {Not} ( 26.Ba6 Qd6 ) 26...e4 ( {In case of} 26...Ka8 27.Bc6 $1 {Black will not survive the pressure neither} ( {White is also better after} 27.Bxe8 Qxe8 28.Qxe8 Rxe8 29.Rxe5 {but who actually cares for the rook when the bishop is so cool?!} ) 27...Rb8 28.Qb5 ( {Or} 28.Re3 ) ) 27.Bc6 Ka8 28.Re3 ( 28.Qb5 Rb8 29.Re3 {would also do.} ) 28...exf3 29.Qb5 {Almasi resigned due to:} ( 29.Qb5 Rb8 {but} 30.Bxb7+ $1 ( {not} 30.Rb3 $4 Re1+ 31.Kd2 ( 31.Kc2 Qc8 ) 31...Qh6+ $1 32.Kxe1 Qc1# ) 30...Rxb7 31.Rxe8+ ) 1-0

[Event "9th Masters"]
[Site "Bilbao"]
[Date "2016.07.13"]
[Round "1.2"]
[White "Carlsen, Magnus"]
[Black "Nakamura, Hikaru"]
[Result "0-1"]
[WhiteElo "2855"]
[BlackElo "2787"]
[EventDate "2016.??.??"]
[Annotator "Bojkov,Dejan"]
[PlyCount "100"]
[Beauty "7012247142444"]
[EventType "game"]
[EventCountry "ESP"]
[WhiteClock "0:49:07"]
[BlackClock "0:42:38"]

1.e4 c5 2.Ne2 {Carlsen used this Anti-Najdorf line back in 2010.} 2...d6 3.Nbc3 a6 4.g3 g6 5.Bg2 Bg7 6.d4 cxd4 7.Nxd4 Nf6 {Now a Fianchettoed Dragon appears.} 8.O-O O-O 9.b3 Nc6 ( {Black can also start with} 9...Bg4 10.Qd2 Nc6 11.Nxc6 bxc6 12.Bb2 Qa5 13.h3 Be6 14.Rad1 {with approximate equality in Landa,K (2596)-Shneider,A (2532) Cappelle-la-Grande 2007} ) 10.Nxc6 bxc6 11.Bb2 Qa5 {Technically speaking this is a novelty, but as we have seen from the game&#10;Landa-Shneider from above, this is not a new idea. Kovchan preferred instead:} ( 11...Nd7 12.Qd2 a5 13.Na4 Bxb2 14.Nxb2 f6 {although White seems a tad better here to me, Hansen,M (2165)-Kovchan,A (2571) Copenhagen 2010} ) 12.Na4 Bg4 13.Qe1 {In the case of:} ( 13.Qd3 {Nakamura would have probably played} 13...Qh5 {again. Although} ( 13...Nd7 14.Bxg7 Kxg7 {should be also playable, as in&#10;the aforementioned game by Kovchan.} ) ) 13...Qh5 {A very risky decision. Although one can easily understand why Nakamura did not choose the worse endgame after} ( 13...Qxe1 14.Rfxe1 Nd7 {against Carlsen.} ) 14.f3 {An ambitious approach. Carlsen wants to exclude the black queen from the play.} ( {Simpler was} 14.e5 $1 dxe5 ( {Black loses a pawn in the line} 14...Nd7 15.exd6 exd6 ( 15...Bxb2 16.dxe7 ) 16.Bxg7 Kxg7 17.Qc3+ ( {But not} 17.Bxc6 Rac8 18.Bxd7 Bxd7 {when Black has plenty of play on the light squares, or equality after} 19.Qd1 Qxd1 20.Rfxd1 Bxa4 21.bxa4 Rxc2 ) 17...Qe5 18.Qxe5+ Nxe5 19.f4 ) 15.Qxe5 Qxe5 16.Bxe5 Nd5 17.Rfe1 ) 14...Bh3 15.g4 Qh6 16.Rd1 {Now Bb2-c1 is a deadly threat, thus} ( 16.Bc1 g5 17.Bxh3 Qxh3 18.Bxg5 {would be met with} 18...Nxg4 $1 19.fxg4 Bxa1 20.Qxa1 Qxg4+ 21.Kh1 Qxe4+ {when Black is on top.} ) 16...g5 {is forced. However after} 17.Bc1 {Black's position seems very suspicious. Still, Carlsen might have done better had he played:} ( 17.Qe3 {instead, a move that prevents Black's activity in the line} 17...Bxg2 18.Kxg2 Qg6 19.Nb6 $1 {The key move that keeps an eye on the d5 square.} 19...Rad8 {And now} ( {Not} 19...Rab8 $2 20.Bxf6 Bxf6 21.Nd7 ) 20.Bc3 {After} ( 20.c4 $2 Nxg4 {drops a pawn instead.} ) ( 20.Ba1 {is also possible though.} ) 20...d5 {White has a choice between} 21.e5 ( {And} 21.Bxf6 Bxf6 22.exd5 cxd5 23.Nxd5 Qxc2+ 24.Rd2 Qg6 25.Rff2 ) 21...Nd7 22.Nxd7 Rxd7 {with advantage for the first player in either line.} ) 17...Bxg2 18.Kxg2 Qg6 19.h4 {It was not too late to prevent the central break with} ( 19.Qe3 h6 20.Nb6 Rab8 21.Nc4 {with the idea} 21...d5 $2 22.Ne5 ) 19...gxh4 20.Qxh4 d5 $1 {Nakamura seizes his chance.} 21.g5 $6 {Carlsen continues to play for domination, but his forces do not seem active enough. Instead:} ( 21.exd5 cxd5 ( {Or} 21...Qxc2+ 22.Rd2 Qg6 23.dxc6 Rac8 ) 22.c3 Rac8 {would have left the worst behind for Black.} ) 21...dxe4 22.f4 e6 $1 {Missed by Carlsen.&#10;Perhaps White was hoping for an attack in the lines:} ( 22...h6 23.f5 hxg5 24.Bxg5 Qh7 25.Qxh7+ Kxh7 26.Rh1+ ( 26.Nb6 Rad8 27.Rh1+ Kg8 28.Rdg1 {is also good for White.} ) 26...Kg8 27.Bxf6 Bxf6 ( 27...exf6 {looks ugly, self-trapping the bishop.} ) 28.Nb6 Rad8 29.Nd7 Rfe8 30.Kf2 {and Black can hardly survive here.} ) 23.c4 {Takes away the d5 square from Black. That is&#10;important in the line} ( 23.Kf2 Nd5 24.c4 Nb4 ) 23...Rfd8 {Simple and good. Clearly worse was} ( 23...h6 24.Nc5 hxg5 25.fxg5 Nh7 26.Qxe4 {with an edge for White.} ) 24.Rde1 ( {Now} 24.Nc5 {is met with} 24...Bf8 ) 24...Ne8 {Black's&#10;queen survived. Black has won a pawn and has some juicy outposts for the knight.} 25.Nc5 {Active play is doomed to failure.} ( 25.f5 exf5 26.Qh3 Nd6 27.c5 Nb5 28.Rxf5 Rd3 ) 25...Nd6 26.Qf2 f5 27.Bb2 Nf7 {Also good was} ( 27...Bxb2 28.Qxb2 Nf7 29.Qf6 Qxf6 30.gxf6 Nh6 31.Nxe6 Rd6 {with a clear edge in the endgame.} ) 28.Bxg7 Kxg7 29.Qg3 ( {More resilent seemed} 29.Re3 {with the idea to double&#10;the heavy pieces along the h-file.} ) 29...Rd6 30.Rd1 Rad8 31.Rxd6 Rxd6 {In addition to the extra pawn, Nakamura has added open files for his heavy pieces. The decisive&#10;counter-attack is just around the corner.} 32.Qc3+ Kg8 33.Rf2 Qh5 34.Qh3 Qd1 35.Qe3 e5 36.Qg3 ( {Or} 36.fxe5 Nxe5 37.Rxf5 $2 Qg4+ ) 36...Rg6 37.Kh2 exf4 38.Qxf4 Qh5+ 39.Kg1 Qd1+ 40.Kh2 Qh5+ 41.Kg1 Nxg5 42.Qb8+ Kg7 43.Qe5+ Kh6 44.Qf4 Qd1+ 45.Kh2 ( 45.Rf1 Qd4+ ) 45...Qd4 {The long diagonal is secured;&#10;the king may run away from the pin.} 46.b4 Kg7 47.Qc7+ Kh8 48.Qc8+ Rg8 49.Qxf5 Nf3+ 50.Kh3 Qd6 0-1